[Event "CRI-ch (Women)"]
[Site "San Jose"]
[Date "2024.02.17"]
[Round "8"]
[White "Mayorga Araya, Sofia"]
[Black "Campos Astorga, Priscila"]
[Result "1-0"]
[WhiteElo "1831"]
[BlackElo "1397"]
[PlyCount "47"]
[EventDate "2024.02.03"]
[EventType "swiss"]
[EventRounds "9"]
[EventCountry "CRI"]
[SourceTitle "CB08_2024"]
[SourceDate "2024.02.21"]
[SourceVersion "1"]
[SourceVersionDate "2024.02.21"]
[SourceQuality "1"]

1. e4 e5 2. Nf3 Nc6 3. Bb5 Nge7 4. 0-0 Ng6 5. c3 a6 6. Ba4 Be7 7. d4 exd4 8. cxd4 0-0 9. Nc3 b5 10. Bc2 Nb4 11. Bb3 c5 12. dxc5 Bxc5 13. a3 Nc6 14. Nd5 h6 15. Qc2 Nd4 16. Nxd4 Bxd4 17. Qd3 Bc5 18. Kh1 Qh4 19. f4 d6 20. Bd2 Bg4 21. Ne3 Be6 22. Nf5 Qh5 23. Bd1 Nxf4 24. Bxf4 1-0

[Event "CRI-ch (Women)"]
[Site "San Jose"]
[Date "2024.02.17"]
[Round "7"]
[White "Ramirez Gonzalez, Maria Jose"]
[Black "Mayorga Araya, Sofia"]
[Result "0-1"]
[WhiteElo "1764"]
[BlackElo "1831"]
[PlyCount "76"]
[EventDate "2024.02.03"]
[EventType "swiss"]
[EventRounds "9"]
[EventCountry "CRI"]
[SourceTitle "CB08_2024"]
[SourceDate "2024.02.21"]
[SourceVersion "1"]
[SourceVersionDate "2024.02.21"]
[SourceQuality "1"]

1. d4 Nf6 2. c4 e6 3. g3 c5 4. d5 exd5 5. cxd5 d6 6. Nc3 a6 7. a4 g6 8. Nf3 Bg7 9. Bg2 0-0 10. 0-0 Re8 11. Bf4 h6 12. Nd2 g5 13. Be3 Nbd7 14. Nc4 Ng4 15. Nxd6 Rxe3 16. fxe3 Nxe3 17. Nxf7 Qb6 18. Qd2 Bd4 19. Kh1 Nf6 20. a5 Qc7 21. Rxf6 Bxf6 22. Qxe3 Kxf7 23. Rf1 Kg7 24. Ne4 Bd4 25. Qf3 Qe7 26. d6 Qe8 27. Nxc5 Bd7 28. Nxb7 Rc8 29. Qd3 Bxb2 30. Bd5 Bf6 31. e4 Bb5 32. Qd1 Bxf1 33. Qxf1 Qa4 34. e5 Bxe5 35. Qf7+ Kh8 36. Bb3 Qe4+ 37. Kg1 Bd4+ 38. Qf2 Rc1+ 0-1

[Event "Iberoamerican-ch 9th"]
[Site "Panama City"]
[Date "2023.11.28"]
[Round "5"]
[White "Estrada Nieto, Julian"]
[Black "Mayorga Araya, Sofia"]
[Result "1-0"]
[WhiteElo "2212"]
[BlackElo "1733"]
[PlyCount "47"]
[EventDate "2023.11.25"]
[EventType "swiss"]
[EventRounds "9"]
[EventCountry "PAN"]
[SourceTitle "CB49_2023"]
[SourceDate "2023.12.06"]
[SourceVersion "1"]
[SourceVersionDate "2023.12.06"]
[SourceQuality "1"]

1. e4 c5 2. Nf3 d6 3. Bb5+ Nd7 4. d4 cxd4 5. Qxd4 a6 6. Bxd7+ Bxd7 7. Nc3 e5 8. Qd3 Nf6 9. Bg5 Bc6 10. 0-0-0 Qa5 11. Bxf6 gxf6 12. Kb1 0-0-0 13. Nd5 Bxd5 14. Qxd5 Qxd5 15. Rxd5 Rg8 16. g3 Kc7 17. Nh4 Kc6 18. Rhd1 h5 19. a4 Kd7 20. Nf5 Ke6 21. c4 Be7 22. c5 Rd7 23. cxd6 Bd8 24. f4 1-0

[Event "Iberoamerican-ch 9th"]
[Site "Panama City"]
[Date "2023.11.27"]
[Round "4"]
[White "Mayorga Araya, Sofia"]
[Black "Reinhard Moller, Kerstin Danielle"]
[Result "1-0"]
[WhiteElo "1733"]
[BlackElo "1279"]
[PlyCount "65"]
[EventDate "2023.11.25"]
[EventType "swiss"]
[EventRounds "9"]
[EventCountry "PAN"]
[SourceTitle "CB49_2023"]
[SourceDate "2023.12.06"]
[SourceVersion "1"]
[SourceVersionDate "2023.12.06"]
[SourceQuality "1"]

1. e4 e5 2. Nf3 Nc6 3. Bb5 Nf6 4. Qe2 d6 5. c3 Bd7 6. 0-0 Be7 7. Rd1 a6 8. Ba4 b5 9. Bc2 Be6 10. h3 0-0 11. Ng5 Qd7 12. Nxe6 fxe6 13. d3 d5 14. Nd2 Bc5 15. Nf3 Qd6 16. d4 Ba7 17. exd5 Nxd5 18. Ng5 g6 19. Nxh7 Rf7 20. Ng5 Rg7 21. Qg4 Re8 22. Ne4 Qe7 23. Bh6 Rh7 24. Qxg6+ Kh8 25. Ng5 Rxh6 26. Qxh6+ Kg8 27. Bh7+ Kh8 28. Bf5+ Kg8 29. Bxe6+ Qxe6 30. Nxe6 Kf7 31. Ng5+ Ke7 32. Qe6+ Kd8 33. Nf7# 1-0

[Event "Wch U20 Girls 39th"]
[Site "Mexico City"]
[Date "2023.09.30"]
[Round "10"]
[White "Mayorga Araya, Sofia"]
[Black "Castellanos Hernandez, Lhia Itzayana"]
[Result "0-1"]
[WhiteElo "1825"]
[BlackElo "1890"]
[PlyCount "60"]
[EventDate "2023.09.21"]
[EventType "swiss"]
[EventRounds "11"]
[EventCountry "MEX"]
[SourceTitle "EXT 2024"]
[Source "ChessBase"]
[SourceDate "2023.10.10"]
[SourceVersion "1"]
[SourceVersionDate "2023.10.10"]
[SourceQuality "1"]

1. e4 e5 2. Nf3 Nc6 3. Bb5 a6 4. Ba4 f5 5. d3 fxe4 6. dxe4 Nf6 7. Qe2 Bb4+ 8. c3 Bc5 9. Bg5 d6 10. b4 Ba7 11. Bb3 Qe7 12. Nbd2 Be6 13. h3 Bxb3 14. axb3 Qe6 15. b5 axb5 16. Qxb5 0-0 17. Qxb7 d5 18. Bxf6 Rfb8 19. Qxc7 gxf6 20. exd5 Qxd5 21. c4 Qe6 22. c5 Bb6 23. Qxb8+ Rxb8 24. cxb6 e4 25. Nh2 Qd5 26. Ng4 Qd3 27. Nh6+ Kh8 28. Nf5 e3 29. Nxe3 Nd4 30. 0-0-0 Qc3+ 0-1

[Event "Wch U20 Girls 39th"]
[Site "Mexico City"]
[Date "2023.09.29"]
[Round "9"]
[White "Mendoza Recio, Josselyne"]
[Black "Mayorga Araya, Sofia"]
[Result "0-1"]
[WhiteElo "1573"]
[BlackElo "1825"]
[PlyCount "72"]
[EventDate "2023.09.21"]
[EventType "swiss"]
[EventRounds "11"]
[EventCountry "MEX"]
[SourceTitle "EXT 2024"]
[Source "ChessBase"]
[SourceDate "2023.10.10"]
[SourceVersion "1"]
[SourceVersionDate "2023.10.10"]
[SourceQuality "1"]

1. e4 c5 2. Nf3 d6 3. d4 cxd4 4. Nxd4 Nf6 5. Nc3 a6 6. f4 e5 7. Nf3 Qc7 8. a4 Nc6 9. Bd3 exf4 10. Bxf4 Ne5 11. Nxe5 dxe5 12. Be3 Bb4 13. Qd2 Bd7 14. 0-0 0-0 15. Kh1 Bc6 16. Rxf6 gxf6 17. Bh6 Rfe8 18. Qf2 Bf8 19. Bxf8 Kxf8 20. Qxf6 Rad8 21. Qh6+ Ke7 22. Rf1 Rf8 23. Qf6+ Ke8 24. Rf5 Qd6 25. Rxe5+ Kd7 26. Qf5+ Kc7 27. Nd5+ Kb8 28. Ne3 f6 29. Ra5 Qb4 30. h3 Ka8 31. Bxa6 bxa6 32. Rc5 Rd6 33. Rc4 Qe1+ 34. Nf1 Rg8 35. Rc3 Qxe4 36. Rc5 Rdd8 0-1

[Event "Wch U20 Girls 39th"]
[Site "Mexico City"]
[Date "2023.09.27"]
[Round "7"]
[White "Mayorga Araya, Sofia"]
[Black "Garcia Hernandez, Rebeca"]
[Result "1/2-1/2"]
[WhiteElo "1825"]
[BlackElo "1671"]
[PlyCount "68"]
[EventDate "2023.09.21"]
[EventType "swiss"]
[EventRounds "11"]
[EventCountry "MEX"]
[SourceTitle "EXT 2024"]
[Source "ChessBase"]
[SourceDate "2023.10.10"]
[SourceVersion "1"]
[SourceVersionDate "2023.10.10"]
[SourceQuality "1"]

1. e4 c5 2. Nf3 d6 3. Bb5+ Bd7 4. Bxd7+ Nxd7 5. 0-0 Ngf6 6. Qe2 e6 7. c3 Be7 8. d4 cxd4 9. cxd4 d5 10. e5 Ne4 11. Be3 0-0 12. Ne1 f5 13. exf6 Bxf6 14. Nd2 Nxd2 15. Qxd2 Nb6 16. b3 Qe8 17. Nf3 Qg6 18. Rac1 Rf7 19. Bf4 h5 20. Bg3 Raf8 21. a4 Nc8 22. Rfe1 h4 23. Nxh4 Bxh4 24. Bxh4 Nd6 25. Rf1 Ne4 26. Qe2 Qh6 27. f3 Qxh4 28. fxe4 Rxf1+ 29. Rxf1 Rxf1+ 30. Kxf1 Qf4+ 31. Ke1 Qc1+ 32. Kf2 Qf4+ 33. Ke1 Qc1+ 34. Kf2 Qf4+ 1/2-1/2

[Event "Wch U20 Girls 39th"]
[Site "Mexico City"]
[Date "2023.09.21"]
[Round "1"]
[White "Mayorga Araya, Sofia"]
[Black "Francisco Guecamburu, Candela Be"]
[Result "0-1"]
[WhiteElo "1825"]
[BlackElo "2345"]
[PlyCount "56"]
[EventDate "2023.09.21"]
[EventType "swiss"]
[EventRounds "11"]
[EventCountry "MEX"]
[SourceTitle "EXT 2024"]
[Source "ChessBase"]
[SourceDate "2023.10.10"]
[SourceVersion "1"]
[SourceVersionDate "2023.10.10"]
[SourceQuality "1"]

1. e4 Nf6 2. e5 Nd5 3. c4 Nb6 4. d4 d6 5. exd6 exd6 6. Nc3 Nc6 7. Nf3 Bf5 8. Be3 Be7 9. Be2 0-0 10. 0-0 Bf6 11. Bd3 Qd7 12. Ne4 Bxe4 13. Bxe4 Nxc4 14. Ng5 Nxe3 15. Bxh7+ Kh8 16. fxe3 Bxg5 17. Bf5 Bxe3+ 18. Kh1 Qd8 19. Rf3 Bh6 20. Rh3 Qf6 21. g4 Nxd4 22. Be4 Ne6 23. Rh5 Qf4 24. Bg2 g6 25. Rh3 Kg7 26. Qb3 Qe5 27. Rf1 Bf4 28. Bd5 Nd4 0-1

[Event "Olympiad Women-44"]
[Site "Chennai"]
[Date "2022.07.30"]
[Round "2.4"]
[White "Nguyen, Thien Ngan"]
[Black "Mayorga Araya, Sofia"]
[Result "1-0"]
[WhiteElo "1912"]
[BlackElo "1758"]
[PlyCount "91"]
[EventDate "2022.07.29"]
[EventType "team-swiss"]
[EventRounds "11"]
[EventCountry "IND"]
[SourceTitle "CBM 210"]
[Source "ChessBase"]
[SourceDate "2022.10.31"]
[SourceVersion "1"]
[SourceVersionDate "2022.10.31"]
[SourceQuality "1"]
[WhiteTeam "Vietnam (W)"]
[BlackTeam "Costa Rica (W)"]
[WhiteTeamCountry "VIE"]
[BlackTeamCountry "CRI"]

1. e4 c5 2. Nf3 d6 3. d4 cxd4 4. Nxd4 Nf6 5. Nc3 a6 6. Be3 e5 7. Nb3 Be6 8. Be2 Be7 9. 0-0 0-0 10. Qd2 Nbd7 11. Bf3 Qc7 12. Rfd1 Rfc8 13. a4 h6 14. a5 b5 15. axb6 Nxb6 16. Na5 Rab8 17. Qc1 Nc4 18. Nxc4 Bxc4 19. Bd2 Qb7 20. b3 Be6 21. h3 Rc7 22. Ra2 Qc8 23. Qa1 Ra8 24. Be2 Rc6 25. Be1 Bd8 26. Bb5 Rb6 27. Bd3 Rc6 28. Nd5 Nxd5 29. exd5 Bxd5 30. c4 Be6 31. Be4 f5 32. Bxc6 Qxc6 33. Bb4 Be7 34. Rad2 Rd8 35. Qa3 Qe4 36. Bxd6 Bg5 37. Qa5 Rd7 38. Rd3 Bf6 39. Qxa6 f4 40. c5 Qe2 41. c6 Rxd6 42. Qa8+ Rd8 43. Rxd8+ Bxd8 44. Qxd8+ Kf7 45. Qd3 Qa2 46. c7 1-0

[Event "American Continental 16th"]
[Site "San Salvador"]
[Date "2022.05.06"]
[Round "6"]
[White "Garcia, Angie"]
[Black "Mayorga Araya, Sofia"]
[Result "1-0"]
[WhiteElo "1902"]
[BlackElo "1696"]
[PlyCount "69"]
[EventDate "2022.05.02"]
[EventType "swiss"]
[EventRounds "11"]
[EventCountry "ESA"]
[SourceTitle "CBM 208 Extra"]
[Source "ChessBase"]
[SourceDate "2022.07.31"]
[SourceVersion "1"]
[SourceVersionDate "2022.07.31"]
[SourceQuality "1"]

1. e4 c5 2. Nf3 d6 3. d4 cxd4 4. Nxd4 Nf6 5. Nc3 a6 6. Be3 e5 7. Nb3 Be6 8. h3 Be7 9. f4 b5 10. f5 Bd7 11. a3 Bc6 12. Qd3 Nbd7 13. Be2 Qc7 14. 0-0-0 Nc5 15. Bxc5 dxc5 16. Qe3 c4 17. Nd2 a5 18. g4 b4 19. axb4 axb4 20. Ncb1 c3 21. bxc3 Ba4 22. g5 Nd7 23. g6 Rb8 24. gxf7+ Kf8 25. Bc4 Qa5 26. Nb3 Bxb3 27. cxb3 Nc5 28. Rd5 bxc3 29. f6 Nxb3+ 30. Bxb3 Ba3+ 31. Kc2 Qb4 32. fxg7+ Kxg7 33. Qg5+ Kf8 34. Rd8+ Rxd8 35. Qxd8+ 1-0

[Event "American Continental 16th"]
[Site "San Salvador"]
[Date "2022.05.05"]
[Round "5"]
[White "Mayorga Araya, Sofia"]
[Black "Encinas Varela, David"]
[Result "1/2-1/2"]
[WhiteElo "1696"]
[BlackElo "1908"]
[PlyCount "150"]
[EventDate "2022.05.02"]
[EventType "swiss"]
[EventRounds "11"]
[EventCountry "ESA"]
[SourceTitle "CBM 208 Extra"]
[Source "ChessBase"]
[SourceDate "2022.07.31"]
[SourceVersion "1"]
[SourceVersionDate "2022.07.31"]
[SourceQuality "1"]

1. e4 c5 2. Nf3 d6 3. Bb5+ Nd7 4. d4 a6 5. Bxd7+ Bxd7 6. dxc5 dxc5 7. Nc3 Bc6 8. Qe2 e6 9. Bf4 Nf6 10. Ne5 Qb6 11. Nc4 Qa7 12. Nd6+ Bxd6 13. Bxd6 0-0-0 14. Bf4 b6 15. a4 Qb7 16. f3 a5 17. Nb5 Bxb5 18. Qxb5 Nxe4 19. 0-0 Nd6 20. Qe2 Nf5 21. c3 Rd5 22. Rfc1 e5 23. Be3 Nxe3 24. Qxe3 c4 25. Qe4 Qc6 26. Qg4+ Kb8 27. Qxg7 Rhd8 28. Re1 Qg6 29. Qxg6 hxg6 30. Kf2 f6 31. Rab1 Kb7 32. b4 cxb3 33. Rxb3 Rd2+ 34. Re2 R8d3 35. h4 Rd1 36. Reb2 Rd6 37. g4 Ra1 38. Kg3 Rxa4 39. h5 gxh5 40. gxh5 f5 41. Rb5 Re6 42. Re2 f4+ 43. Kg4 e4 44. Rxe4 Raxe4 45. fxe4 Rxe4 46. h6 f3+ 47. Kg5 f2 48. Rf5 Re5 49. Rxe5 f1Q 50. h7 Qh3 51. Kg6 Qd3+ 52. Rf5 Qxc3 53. Rf7+ Ka6 54. Rf6 Qh3 55. Kg7 Qg4+ 56. Kf7 Qd7+ 57. Kg6 Qe8+ 58. Kg7 Qe7+ 59. Kg6 Qe4+ 60. Kg7 Qb7+ 61. Kg6 Qg2+ 62. Kf7 Qh1 63. Kg7 a4 64. h8Q Qxh8+ 65. Kxh8 Ka5 66. Kg7 b5 67. Rf1 a3 68. Kf6 b4 69. Ke5 b3 70. Kd4 Kb4 71. Rf8 a2 72. Rb8+ Ka5 73. Ra8+ Kb4 74. Rb8+ Ka5 75. Ra8+ Kb4 1/2-1/2

[Event "American Continental 16th"]
[Site "San Salvador"]
[Date "2022.05.03"]
[Round "3"]
[White "Mayorga Araya, Sofia"]
[Black "Zilleruelo Irizarry, Diego"]
[Result "1/2-1/2"]
[WhiteElo "1696"]
[BlackElo "2056"]
[PlyCount "88"]
[EventDate "2022.05.02"]
[EventType "swiss"]
[EventRounds "11"]
[EventCountry "ESA"]
[SourceTitle "CBM 208 Extra"]
[Source "ChessBase"]
[SourceDate "2022.07.31"]
[SourceVersion "1"]
[SourceVersionDate "2022.07.31"]
[SourceQuality "1"]

1. e4 c6 2. d4 d5 3. Nd2 dxe4 4. Nxe4 Bf5 5. Ng3 Bg6 6. h4 h6 7. Nf3 Nd7 8. h5 Bh7 9. Bd3 Bxd3 10. Qxd3 Ngf6 11. Bd2 e6 12. 0-0-0 Qc7 13. Ne4 Nxe4 14. Qxe4 Nf6 15. Qe2 0-0-0 16. g3 Bd6 17. c4 c5 18. Be3 Ng4 19. Bd2 a6 20. Bc3 Nf6 21. Kb1 cxd4 22. Nxd4 Bc5 23. Nb3 Ba7 24. Rc1 Qc6 25. Rhe1 Bc5 26. Nxc5 Qxc5 27. g4 Rd7 28. b4 Qg5 29. f3 Rhd8 30. Qf2 Kb8 31. Qh2+ Ka8 32. Re5 Nxg4 33. fxg4 Qxg4 34. Rc5 g6 35. b5 gxh5 36. bxa6 bxa6 37. Qh1+ Rb7+ 38. Ka1 Ka7 39. Rc6 Rd3 40. Rc8 Rf3 41. Bb2 Rxb2 42. Kxb2 Qd4+ 43. Kb1 Qd3+ 44. Ka1 Qd4+ 1/2-1/2

[Event "Online Olym Div2 E"]
[Site "Chess.com INT"]
[Date "2021.09.04"]
[Round "9.4"]
[White "Mayorga Araya, Sofia"]
[Black "Sanchez Tobar, Francisca Valentina"]
[Result "1-0"]
[WhiteElo "1381"]
[BlackElo "1777"]
[PlyCount "69"]
[EventDate "2021.09.02"]
[EventType "team (rapid)"]
[EventRounds "9"]
[EventCountry "USA"]
[SourceTitle "CBM 204 Extra"]
[Source "ChessBase"]
[SourceDate "2021.11.30"]
[SourceVersion "1"]
[SourceVersionDate "2021.11.30"]
[SourceQuality "1"]
[WhiteTeam "Costa Rica"]
[BlackTeam "Chile"]
[WhiteTeamCountry "CRI"]
[BlackTeamCountry "CHI"]

1. e4 e5 2. Nf3 Nc6 3. Bb5 g6 4. 0-0 Bg7 5. c3 Nge7 6. d4 exd4 7. cxd4 a6 8. Ba4 b5 9. Bb3 0-0 10. Nc3 d6 11. h3 Na5 12. Bc2 Nc4 13. b3 Nb6 14. Bb2 c5 15. Ne2 c4 16. Rb1 f5 17. e5 Nc6 18. bxc4 Nxc4 19. Bb3 dxe5 20. dxe5 Be6 21. Nf4 Qe7 22. Nxe6 Qxe6 23. Ng5 Qe7 24. Bxc4+ bxc4 25. Qd5+ Kh8 26. Qxc6 Qxg5 27. Qxc4 f4 28. e6 f3 29. Bxg7+ Kxg7 30. Rb7+ Kh6 31. g3 Qf6 32. Qc1+ g5 33. Qc7 Qg6 34. e7 Rfe8 35. Rb6 1-0

[Event "Online Friendship U12"]
[Site "Tornelo INT"]
[Date "2020.11.21"]
[Round "4.2"]
[White "Mayorga Araya, Sofia"]
[Black "Fischer, Mio"]
[Result "0-1"]
[WhiteElo "1151"]
[BlackElo "1445"]
[PlyCount "120"]
[EventDate "2020.11.21"]
[EventType "team-swiss"]
[EventRounds "7"]
[EventCountry "BLR"]
[SourceTitle "CBM 199 Extra"]
[Source "ChessBase"]
[SourceDate "2021.01.31"]
[SourceVersion "1"]
[SourceVersionDate "2021.01.31"]
[SourceQuality "1"]
[WhiteTeam "Costa Rica"]
[BlackTeam "Sweden 4 Springare"]
[WhiteTeamCountry "CRI"]
[BlackTeamCountry "SWE"]

1. e4 c5 2. Nf3 d6 3. Bb5+ Bd7 4. Bxd7+ Nxd7 5. c4 Nb6 6. b3 Nf6 7. Nc3 g6 8. Bb2 Bg7 9. d4 cxd4 10. Nxd4 0-0 11. 0-0 Qd7 12. Qd2 Rfe8 13. Rfd1 Rac8 14. Rac1 Qg4 15. h3 Qh4 16. Nf3 Qh5 17. Qe3 Bh6 18. Qd4 Bxc1 19. Rxc1 Qc5 20. Qd2 Qc6 21. Re1 Nbd7 22. Nb5 Ra8 23. Nfd4 Qc8 24. Nc3 a6 25. Nf3 Nc5 26. Nd5 Nxd5 27. exd5 e5 28. dxe6 Rxe6 29. Rd1 Ne4 30. Qh6 Qf8 31. Qf4 Rae8 32. Nd4 Rf6 33. Qc1 Rxf2 34. Nf3 Re2 35. Kh2 Nc5 36. Qc3 f6 37. b4 Na4 38. Qb3 Nxb2 39. c5+ d5 40. Qxd5+ Qf7 41. Qxf7+ Kxf7 42. Rd7+ R8e7 43. Rd1 Nxd1 44. Kg1 Nc3 45. a3 h6 46. Kh2 Nd5 47. Kg3 Ne3 48. Nd4 Rxg2+ 49. Kf3 Rg1 50. Kf2 Rf1+ 51. Kg3 Nf5+ 52. Nxf5 Rxf5 53. a4 Re1 54. b5 Re3+ 55. Kg2 Rxc5 56. bxa6 bxa6 57. Kf2 Ra3 58. Ke2 Rc2+ 59. Kd1 Rh2 60. a5 Ra1# 0-1

[Event "Pan American-ch School U11 Girls"]
[Site "Medellin"]
[Date "2019.11.13"]
[Round "3.1"]
[White "Brito Carrascal, Isabela"]
[Black "Mayorga Araya, Sofia"]
[Result "1/2-1/2"]
[WhiteElo "1589"]
[BlackElo "1236"]
[PlyCount "118"]
[EventDate "2019.11.12"]
[EventType "swiss"]
[EventRounds "9"]
[EventCountry "COL"]
[SourceTitle "EXT 2024"]
[Source "ChessBase"]
[SourceDate "2023.10.10"]
[SourceVersion "1"]
[SourceVersionDate "2023.10.10"]
[SourceQuality "1"]

1. e4 e5 2. Nf3 Nc6 3. d4 exd4 4. Nxd4 Nf6 5. Nxc6 bxc6 6. e5 Qe7 7. Qe2 Nd5 8. c4 Nb6 9. b3 Qe6 10. Bb2 Bc5 11. Nd2 0-0 12. Qe4 d5 13. cxd5 cxd5 14. Qc2 Ba3 15. f4 Bxb2 16. Qxb2 f6 17. Nf3 fxe5 18. fxe5 Nd7 19. Be2 Re8 20. 0-0 Nxe5 21. Nd4 Qb6 22. Kh1 Bd7 23. Rad1 Ng4 24. Bxg4 Bxg4 25. Rc1 Rf8 26. h3 Bd7 27. Rfd1 c6 28. Qc2 Rf6 29. Nf3 Raf8 30. Ne5 Be8 31. Qc3 Rf2 32. Nxc6 Bxc6 33. Qxc6 Qxc6 34. Rxc6 Rd8 35. Ra6 Rf7 36. Rc6 d4 37. Rd2 d3 38. Rc3 Rfd7 39. a4 Kf7 40. Kg1 Ke6 41. Kf2 Ke5 42. Ke3 Rb7 43. Rcxd3 Rdb8 44. Rd5+ Kf6 45. Rd6+ Kg5 46. R2d5+ Kh4 47. Rd7 Rxb3+ 48. Rd3 R3b7 49. R3d4+ Kg5 50. R7d5+ Kf6 51. Kf4 Rb4 52. Rd6+ Kf7 53. Ke5 Re8+ 54. Kf4 Rb2 55. Rd2 Rb4+ 56. R6d4 Reb8 57. Ke3 Rxd4 58. Rxd4 Rb3+ 59. Kf4 Ke6 1/2-1/2

[Event "Pan American-ch U10 Girls"]
[Site "Guayaquil"]
[Date "2019.07.27"]
[Round "9"]
[White "Mayorga Araya, Sofia"]
[Black "Wu, Abbie"]
[Result "0-1"]
[WhiteElo "1233"]
[BlackElo "1528"]
[PlyCount "115"]
[EventDate "2019.07.21"]
[EventType "swiss"]
[EventRounds "9"]
[EventCountry "ECU"]
[SourceTitle "EXT 2020"]
[Source "ChessBase"]
[SourceDate "2019.10.17"]
[SourceVersion "1"]
[SourceVersionDate "2019.10.17"]
[SourceQuality "1"]

1. e4 c5 2. Nf3 d6 3. Bb5+ Nc6 4. Bxc6+ bxc6 5. 0-0 Nf6 6. Nc3 e5 7. d3 Be7 8. Bd2 Rb8 9. b3 h6 10. Ne2 0-0 11. Ng3 Be6 12. c3 Qc7 13. Qe2 Nd7 14. Be3 d5 15. d4 dxe4 16. Nxe4 cxd4 17. cxd4 f5 18. Nc3 e4 19. Ne1 Bd6 20. Qh5 Nf6 21. Qh4 Ng4 22. g3 Nxe3 23. fxe3 Be7 24. Qh5 Kh7 25. Ng2 g6 26. Qe2 Bd6 27. Nf4 Bxf4 28. Rxf4 g5 29. Rf2 c5 30. d5 Bd7 31. Rd1 Qe5 32. Na4 Bxa4 33. bxa4 f4 34. exf4 gxf4 35. gxf4 Rxf4 36. Rg2 Qd6 37. Qe3 Rb7 38. Qg3 Qf8 39. d6 Rbf7 40. Qe1 Rf1+ 41. Qxf1 Rxf1+ 42. Rxf1 Qxd6 43. Rgf2 Qd4 44. Kh1 e3 45. Rf7+ Kg6 46. R7f6+ Qxf6 47. Rxf6+ Kxf6 48. Kg2 Ke5 49. Kf3 Kd4 50. Ke2 c4 51. Kd1 Kd3 52. h4 h5 53. a5 a6 54. a3 e2+ 55. Ke1 c3 56. a4 c2 57. Kf2 c1Q 58. Kg3 0-1

[Event "Pan American-ch U10 Girls"]
[Site "Guayaquil"]
[Date "2019.07.24"]
[Round "6"]
[White "Mayorga Araya, Sofia"]
[Black "Mayeregger Gonzalez, Fiorella Allegra"]
[Result "1/2-1/2"]
[WhiteElo "1233"]
[BlackElo "1139"]
[PlyCount "66"]
[EventDate "2019.07.21"]
[EventType "swiss"]
[EventRounds "9"]
[EventCountry "ECU"]
[SourceTitle "EXT 2020"]
[Source "ChessBase"]
[SourceDate "2019.10.17"]
[SourceVersion "1"]
[SourceVersionDate "2019.10.17"]
[SourceQuality "1"]

1. e4 d5 2. exd5 Nf6 3. d4 Nxd5 4. c4 Nf6 5. Nc3 Nc6 6. Nf3 Bg4 7. Be2 e6 8. Be3 Bb4 9. Rc1 Be7 10. 0-0 0-0 11. h3 Bh5 12. Qd2 Qd7 13. Rcd1 Rad8 14. Rfe1 Bg6 15. Bf4 Bd6 16. Be3 Be7 17. Qc1 Qc8 18. Bf4 Rd7 19. Ne5 Nxe5 20. dxe5 Rxd1 21. Rxd1 Nd7 22. Qe3 a6 23. Bf3 h6 24. Qa7 c6 25. Qd4 Rd8 26. Ne4 Bxe4 27. Qxe4 Nc5 28. Rxd8+ Qxd8 29. Qe2 Qd3 30. b4 Qb1+ 31. Kh2 Qxb4 32. Bh5 Kf8 33. Bd2 Qb2 1/2-1/2

[Event "Pan American-ch U10 Girls"]
[Site "Guayaquil"]
[Date "2019.07.23"]
[Round "4"]
[White "Mayorga Araya, Sofia"]
[Black "Arenas Lavado, Luciana Andrea"]
[Result "1/2-1/2"]
[WhiteElo "1233"]
[BlackElo "1187"]
[PlyCount "46"]
[EventDate "2019.07.21"]
[EventType "swiss"]
[EventRounds "9"]
[EventCountry "ECU"]
[SourceTitle "EXT 2020"]
[Source "ChessBase"]
[SourceDate "2019.10.17"]
[SourceVersion "1"]
[SourceVersionDate "2019.10.17"]
[SourceQuality "1"]

1. e4 c5 2. Nf3 e6 3. d3 a6 4. Nbd2 Qc7 5. g3 Nc6 6. Bg2 Nf6 7. Nf1 d5 8. N1d2 Bd6 9. 0-0 0-0 10. Re1 b5 11. Nf1 h6 12. h4 Bb7 13. Qe2 Nd7 14. N1h2 Rfe8 15. c3 Re7 16. Bd2 dxe4 17. dxe4 f6 18. Rad1 Rd8 19. Be3 c4 20. Qd2 Nde5 21. Nxe5 Bxe5 22. Qe2 Bd6 23. Rd2 Ne5 1/2-1/2

[Event "Pan American-ch U10 Girls"]
[Site "Guayaquil"]
[Date "2019.07.22"]
[Round "3"]
[White "Vidyarthi, Omya"]
[Black "Mayorga Araya, Sofia"]
[Result "1-0"]
[WhiteElo "1482"]
[BlackElo "1233"]
[PlyCount "41"]
[EventDate "2019.07.21"]
[EventType "swiss"]
[EventRounds "9"]
[EventCountry "ECU"]
[SourceTitle "EXT 2020"]
[Source "ChessBase"]
[SourceDate "2019.10.17"]
[SourceVersion "1"]
[SourceVersionDate "2019.10.17"]
[SourceQuality "1"]

1. d4 f5 2. Nf3 e6 3. Bf4 Nf6 4. e3 c6 5. Be2 d5 6. 0-0 Be7 7. h3 0-0 8. c4 Nbd7 9. Nbd2 Ne4 10. Bh2 Qe8 11. Qc2 Qg6 12. Rab1 Qh6 13. b4 a6 14. a4 b5 15. cxb5 cxb5 16. axb5 axb5 17. Bxb5 Rb8 18. Bxb8 Nxb8 19. Ne5 Bb7 20. Nxe4 fxe4 21. Qc7 1-0

[Event "CRI-ch (Women)"]
[Site "San Jose"]
[Date "2019.01.19"]
[Round "8"]
[White "Mayorga Araya, Sofia"]
[Black "Hernandez Alvarez, Tania Regla"]
[Result "0-1"]
[WhiteElo "1195"]
[BlackElo "2063"]
[PlyCount "68"]
[EventDate "2019.01.10"]
[EventType "tourn"]
[EventRounds "9"]
[EventCountry "CRI"]
[SourceTitle "CBM 189 Extra"]
[Source "ChessBase"]
[SourceDate "2019.06.03"]
[SourceVersion "1"]
[SourceVersionDate "2019.06.03"]
[SourceQuality "1"]

1. e4 c5 2. Nf3 d6 3. Bb5+ Bd7 4. Bxd7+ Qxd7 5. c4 Nc6 6. d4 cxd4 7. Nxd4 Nf6 8. Nc3 g6 9. f3 Bg7 10. Be3 0-0 11. 0-0 Rfc8 12. b3 Qd8 13. Qc2 Qa5 14. Rac1 a6 15. Rfd1 b5 16. cxb5 Nxd4 17. Bxd4 axb5 18. Qd3 b4 19. Bxf6 Bxf6 20. Nd5 Qa7+ 21. Kh1 Rxc1 22. Rxc1 Qxa2 23. Nxf6+ exf6 24. Qxd6 Qb2 25. Qd1 Ra2 26. Qg1 Qxb3 27. Qb6 Qb2 28. Qg1 b3 29. Rb1 Qc3 30. Rc1 Rc2 31. Re1 b2 32. Rb1 Rc1 33. Rxb2 Rxg1+ 34. Kxg1 Qe1# 0-1

[Event "CRI-ch (Women)"]
[Site "San Jose"]
[Date "2019.01.13"]
[Round "4"]
[White "Salazar Gould, Melannie"]
[Black "Mayorga Araya, Sofia"]
[Result "1-0"]
[WhiteElo "1912"]
[BlackElo "1195"]
[PlyCount "67"]
[EventDate "2019.01.10"]
[EventType "tourn"]
[EventRounds "9"]
[EventCountry "CRI"]
[SourceTitle "CBM 189 Extra"]
[Source "ChessBase"]
[SourceDate "2019.06.03"]
[SourceVersion "1"]
[SourceVersionDate "2019.06.03"]
[SourceQuality "1"]

1. d4 f5 2. e4 fxe4 3. Nc3 Nf6 4. Bg5 d5 5. Bxf6 exf6 6. Qh5+ g6 7. Qxd5 Qe7 8. Qxe4 Qxe4+ 9. Nxe4 Bg7 10. 0-0-0 0-0 11. Bc4+ Kh8 12. Ne2 Nc6 13. c3 Bh6+ 14. Kb1 Bf5 15. N2g3 Bd7 16. Nc5 Bc8 17. Bd5 Rd8 18. Bf3 Rb8 19. Rde1 Na5 20. h4 b6 21. Ne6 Rd7 22. h5 Re7 23. hxg6 Bxe6 24. d5 Nc4 25. Rxe6 Nd2+ 26. Kc2 Rxe6 27. dxe6 Nxf3 28. gxf3 Bf8 29. Rxh7+ Kg8 30. e7 Re8 31. exf8Q+ Rxf8 32. Nf5 Re8 33. Nh6+ Kf8 34. Rf7# 1-0